| 000 | 01075nam0a22002651 4500 | ||
|---|---|---|---|
| 001 | rc\4137918 | ||
| 005 | 20260407092015.0 | ||
| 035 | _a(NLR Aleph) 007987888 | ||
| 090 |
_a8560693 _c8560693 |
||
| 100 | _a20130415d1948 |||y0rusy50 ca | ||
| 101 | 0 | _arus | |
| 102 | _aRU | ||
| 105 | _aa z ||||| | ||
| 200 | 1 |
_aРаботы Энергетического факультета _fРед. доц., канд. техн. наук Дроздов А.Д. |
|
| 210 |
_aНовочеркасск _cБ. и. _d1948 |
||
| 215 |
_a84 с. _cил. _d21 |
||
| 225 | 1 |
_aТруды Новочеркасского политехнического института им. Серго Орджоникидзе _vТ. 18 (32) |
|
| 320 | _aБиблиогр. в конце статей | ||
| 702 | 1 |
_aДроздов _bА.Д. _4340 |
|
| 710 | 0 | 2 |
_aНовочеркасский политехнический институт им. С. Орджоникидзе _3RU\NLR\AUTH\8818046 _9309295 |
| 801 | 0 |
_aRU _bNLR _gpsbo |
|
| 801 | 1 |
_aRU _bELAR _2rusmarc |
|
| 852 |
_aNLR _jП11/214 |
||
| 942 | _cBOOK | ||
| 980 | _aNB | ||